书目信息 |
| 题名: |
西方史学史
|
|
| 作者: | 张广智, 主著 ;陈新 撰稿 | |
| 分册: | ||
| 出版信息: | 上海 复旦大学出版社 2000 |
|
| 页数: | 380页 | |
| 开本: | 23cm | |
| 丛书名: | 面向21世纪课程教材 | |
| 单 册: | ||
| 中图分类: | K091 | |
| 科图分类: | ||
| 主题词: | 史学史--shi xue shi--西方国家 | |
| 电子资源: | ||
| ISBN: | 7-309-02365-X | |
| 000 | 00774nam0 2200253 45 | |
| 001 | CAL 012000640920 | |
| 005 | 20031219104054.0 | |
| 010 | @a7-309-02365-X@dCNY29.00 | |
| 100 | @a20000310d2000 ekmy0chiy0120 ea | |
| 101 | 0 | @achi |
| 102 | @aCN@b310000 | |
| 105 | @ay z 000yy | |
| 106 | @ar | |
| 200 | 1 | @a西方史学史@Axi fang shi xue shi@f张广智主著@g张广智, 陈新撰稿 |
| 210 | @a上海@c复旦大学出版社@d2000 | |
| 215 | @a380页@d23cm | |
| 225 | 2 | @a面向21世纪课程教材@Amian xiang 21 shi ji ke cheng jiao cai |
| 410 | 0 | @12001 @a面向21世纪课程教材 |
| 606 | 0 | @a史学史@Ashi xue shi@y西方国家 |
| 690 | @aK091@v4 | |
| 701 | 0 | @a张广智,@Azhang guang zhi@f1939-@4主著 |
| 702 | 0 | @a陈新@Achen xin@4撰稿 |
| 801 | @aCN@bTSTC@c20020403 | |
| 905 | @b307363-367@dK091@e31@f5 | |
| 西方史学史/张广智主著/张广智, 陈新撰稿.-上海:复旦大学出版社,2000 |
| 380页;23cm.-(面向21世纪课程教材) |
| ISBN 7-309-02365-X:CNY29.00 |
| ● |
| 相关链接 |
|
|
|
|
正题名:西方史学史
索取号:K091/31
 
预约/预借
| 序号 | 登录号 | 条形码 | 馆藏地/架位号 | 状态 | 备注 |
| 1 | 0307363 | 203073636 | 第二借阅区/ [索取号:K091/31] | 在馆 | |
| 2 | 0307364 | 203073645 | 第二借阅区/ [索取号:K091/31] | 在馆 | |
| 3 | 0307365 | 203073654 | 第二借阅区/ [索取号:K091/31] | 在馆 | |
| 4 | 0307366 | 203073663 | 第二借阅区/ [索取号:K091/31] | 在馆 | |
| 5 | 0307367 | 203073672 | 第二样本阅览室/ [索取号:K091/31] | 在馆 |